000 00215nam a2200097Ia 4500
005 20251222114357.0
008 251222s1900||||xx |||||||||||||| ||spa||
082 _aDVD0040/C77/2005
245 0 _aKing kong:
942 _cDVD
999 _c1488
_d1488